000 01108nam0a22002651 4500
001 rc\4753149
005 20130417094240.9
035 _a(NLR Aleph) 008993954
090 _a9264490
_c9264490
100 _a20130417d1968 |||y0rusy50 ca
101 0 _arus
102 _aRU
105 _aa z |||||
200 1 _aМашины инженерного вооружения
_eДинамика и основы тягового расчета
_e[Учеб. пособие]
_fВоен.-инж. ордена Ленина краснознам. акад. им. В.В. Куйбышева
210 _aМосква
_cБ. и.
_d1968
215 _a71 с.
_cил.
_d22
300 _aПеред загл. авт.: д-р техн. наук, проф., ген.-майор инж. войск А.Г. Лобов
320 _aБиблиогр.: с. 69-70
333 _aДля служебного пользования. Экз. № 11
700 1 _aЛобов
_bА. Г.
_gАлександр Георгиевич
801 0 _aRU
_bNLR
_gpsbo
801 1 _aRU
_bELAR
_2rusmarc
852 _aNLR
_j50К/18316
942 _cBOOK
980 _aNB